[Event "Trondheim CC-ch B"]
[Site "Trondheim"]
[Date "2020.02.03"]
[Round "3"]
[White "Lovaas, Tore Hoe"]
[Black "Overas, Alf"]
[Result "0-1"]
[WhiteElo "1551"]
[BlackElo "1723"]
[PlyCount "44"]
[EventDate "2020.01.20"]
[EventType "tourn"]
[EventRounds "9"]
[EventCountry "NOR"]
[SourceTitle "EXT 2024"]
[Source "ChessBase"]
[SourceDate "2023.10.10"]
[SourceVersion "1"]
[SourceVersionDate "2023.10.10"]
[SourceQuality "1"]

1. f4 e5 2. fxe5 d6 3. exd6 Bxd6 4. Nf3 g5 5. d4 g4 6. Ng5 g3 7. e4 gxh2 8. Qf3 Qe7 9. Bc4 Be6 10. Bxe6 fxe6 11. e5 Bb4+ 12. c3 Nc6 13. cxb4 0-0-0 14. Qc3 Nxd4 15. Rxh2 Rd5 16. Nf3 Nxf3+ 17. gxf3 Qg7 18. Bf4 Qg1+ 19. Ke2 Rd1 20. b3 Ne7 21. Nd2 Rxa1 22. Ne4 Qf1+ 0-1

[Event "Ostersund Hurtigfeiden op"]
[Site "Ostersund"]
[Date "2018.08.26"]
[Round "1"]
[White "Lovaas, Tore Hoe"]
[Black "Lillelokken, Kjell Arne"]
[Result "0-1"]
[WhiteElo "1660"]
[BlackElo "2165"]
[PlyCount "36"]
[EventDate "2018.08.26"]
[EventType "swiss"]
[EventRounds "7"]
[EventCountry "SWE"]
[SourceTitle "CBM 186 Extra"]
[Source "ChessBase"]
[SourceDate "2018.08.24"]
[SourceVersion "1"]
[SourceVersionDate "2018.08.24"]
[SourceQuality "1"]

1. f4 e5 2. fxe5 d6 3. exd6 Bxd6 4. Nf3 g5 5. g3 g4 6. Nh4 Ne7 7. d4 Ng6 8. Ng2 Nc6 9. c3 Qe7 10. Qd3 Bd7 11. Qe3 Be6 12. Qg5 f6 13. Qb5 Bd7 14. Qxb7 0-0 15. Qb3+ Kg7 16. Ne3 Rae8 17. Bg2 f5 18. Nd5 Qxe2# 0-1

[Event "Nordic-ch Seniors"]
[Site "Reykjavik"]
[Date "2011.09.14"]
[Round "5"]
[White "Andersson, Sven Olof"]
[Black "Lovaas, Tore Hoe"]
[Result "1-0"]
[WhiteElo "2052"]
[BlackElo "1857"]
[PlyCount "45"]
[EventDate "2011.09.10"]
[EventType "swiss"]
[EventRounds "9"]
[EventCountry "ISL"]
[SourceTitle "CBM 144 Extra"]
[Source "ChessBase"]
[SourceDate "2011.10.28"]
[SourceVersion "1"]
[SourceVersionDate "2011.10.28"]
[SourceQuality "1"]

1. d4 Nf6 2. Nf3 e6 3. g3 d5 4. Bg2 c5 5. e3 Nc6 6. 0-0 Be7 7. b3 Ne4 8. Bb2 Bf6 9. Ne5 cxd4 10. exd4 Nd6 11. c4 Nf5 12. cxd5 exd5 13. Re1 0-0 14. Nc3 Be6 15. Ne2 Qb6 16. Rc1 Rac8 17. Nf4 Nfxd4 18. Nxe6 fxe6 19. Nd7 Qb4 20. Nxf6+ gxf6 21. Qg4+ Kh8 22. Rcd1 Rg8 23. Qf4 1-0

[Event "Nordic-ch Seniors"]
[Site "Reykjavik"]
[Date "2011.09.11"]
[Round "2"]
[White "Lovaas, Tore Hoe"]
[Black "Sandklef, Ake"]
[Result "0-1"]
[WhiteElo "1857"]
[BlackElo "2008"]
[PlyCount "58"]
[EventDate "2011.09.10"]
[EventType "swiss"]
[EventRounds "9"]
[EventCountry "ISL"]
[SourceTitle "CBM 144 Extra"]
[Source "ChessBase"]
[SourceDate "2011.10.28"]
[SourceVersion "1"]
[SourceVersionDate "2011.10.28"]
[SourceQuality "1"]

1. f4 Nf6 2. b3 d5 3. Bb2 Nbd7 4. Nf3 e6 5. e3 c5 6. c4 Bd6 7. cxd5 exd5 8. Bd3 Qe7 9. 0-0 0-0 10. Qe1 Re8 11. Qg3 g6 12. Nh4 Nf8 13. Qg5 Ng4 14. Nf3 f5 15. Nc3 Be6 16. Nb5 Bb8 17. h3 a6 18. hxg4 Qxg5 19. Nxg5 axb5 20. Bxb5 Bd7 21. Bxd7 Nxd7 22. gxf5 gxf5 23. Kf2 h6 24. Nf3 Kf7 25. Rh1 Re6 26. Nh4 Nf6 27. d3 Ng4+ 28. Ke1 Nxe3 29. Rg1 Bxf4 0-1

[Event "EU-chT Seniors 12th"]
[Site "Dresden"]
[Date "2010.02.10"]
[Round "1"]
[White "Lovaas, Tore Hoe"]
[Black "Andersson, Sven Olof"]
[Result "1-0"]
[WhiteElo "1394"]
[BlackElo "2068"]
[PlyCount "57"]
[EventDate "2010.02.10"]
[EventType "team-swiss"]
[EventRounds "9"]
[EventCountry "GER"]
[SourceTitle "CBM 134 Extra"]
[Source "ChessBase"]
[SourceDate "2010.03.03"]
[SourceVersion "1"]
[SourceVersionDate "2010.03.03"]
[SourceQuality "1"]
[WhiteTeam "Trondergutan (Seniors)"]
[BlackTeam "Sweden (Seniors) II"]
[WhiteTeamCountry "NOR"]
[BlackTeamCountry "SWE"]

1. f4 c5 2. b3 Nf6 3. e3 g6 4. Bb2 Bg7 5. Nf3 0-0 6. Be2 Nc6 7. 0-0 d5 8. Bb5 Bg4 9. h3 Bd7 10. d3 Qb6 11. c4 Rad8 12. Nc3 dxc4 13. Bxc4 a6 14. Rc1 Qa7 15. a4 Na5 16. Qe2 Nxc4 17. dxc4 Qb6 18. Ba3 Bc6 19. Ne5 Ne4 20. Nxc6 Nxc3 21. Nxe7+ Kh8 22. Qc2 Rfe8 23. Nd5 Rxd5 24. cxd5 Rxe3 25. Kh1 Bd4 26. Rfe1 Nxd5 27. Rxe3 Nxe3 28. Bxc5 Qc6 29. Bxd4+ 1-0

[Event "EU-chT Seniors 10th"]
[Site "Dresden"]
[Date "2008.02.14"]
[Round "4.4"]
[White "Friedrich, Ekkehard"]
[Black "Lovaas, Tore Hoe"]
[Result "0-1"]
[WhiteElo "1893"]
[BlackElo "1378"]
[PlyCount "71"]
[EventDate "2008.02.11"]
[EventType "team-swiss"]
[EventRounds "9"]
[EventCountry "GER"]
[SourceTitle "CBM 122 Extra"]
[Source "ChessBase"]
[SourceDate "2008.03.04"]
[SourceVersion "1"]
[SourceVersionDate "2008.03.04"]
[SourceQuality "1"]
[WhiteTeam "Stoertebeker"]
[BlackTeam "Norway V"]
[WhiteTeamCountry "GER"]
[BlackTeamCountry "NOR"]

1. e4 e6 2. d4 d5 3. e5 c5 4. Nf3 Nc6 5. c3 Qb6 6. Be2 Nge7 7. dxc5 Qc7 8. Bb5 Bd7 9. Bxc6 Nxc6 10. 0-0 Bxc5 11. Bf4 Ne7 12. a4 Ng6 13. Bg3 a5 14. Nbd2 b5 15. axb5 Bxb5 16. Re1 0-0 17. Nb3 Bb6 18. Nbd4 Ba6 19. h4 Rab8 20. h5 Ne7 21. Qc2 h6 22. b4 Bc4 23. Qa4 axb4 24. cxb4 Qb7 25. Rab1 Ra8 26. Qd1 Ra2 27. Qc1 Qa7 28. Qf4 Nf5 29. Red1 Nxg3 30. Qxg3 Be2 31. Nxe2 Rxe2 32. Rf1 Rc8 33. Ne1 Qa2 34. Nd3 Rcc2 35. Nc5 Rxf2 36. Rxf2 0-1